000 01239cam a2200313 a 4500
999 _c267
_d267
001 14077989
003 OSt
005 20210610112843.0
008 050817s2006 mauab b 001 0 eng
010 _a 2005932434
020 _a0618522638
040 _aDLC
_cDLC
_dDLC
042 _apcc
050 0 0 _aD443
_b.F55 2006
100 1 _aFindley, Carter V.,
_d1941-
245 1 0 _aTwentieth-century world /
_cCarter Vaughn Findley, John Alexander Murray Rothney.
250 _a6th ed.
260 _aBoston :
_bHoughton Mifflin,
_cc2006.
300 _axxix, 554 p. :
_bill., map (1 col.) ;
_c24 cm.
504 _aIncludes bibliographical references and index.
650 0 _aHistory, Modern
_y20th century.
700 1 _aRothney, John Alexander Murray,
_d1935-
856 4 2 _3Contributor biographical information
_uhttp://www.loc.gov/catdir/enhancements/fy1104/2005932434-b.html
856 4 2 _3Publisher description
_uhttp://www.loc.gov/catdir/enhancements/fy1104/2005932434-d.html
856 4 1 _3Table of contents only
_uhttp://www.loc.gov/catdir/enhancements/fy1215/2005932434-t.html
906 _a7
_bcbc
_corignew
_d2
_eepcn
_f20
_gy-gencatlg
942 _2lcc
_cBK
_nSO